اليمن : (Record no. 29458)
[ view plain ]
| 000 -الفاتح | |
|---|---|
| حقل البيانات ثابتة الطول | 01337nam a2200325 i 4500 |
| 003 - محدد رقم الضبط | |
| رقم الضبط | EG-ScBUE |
| 005 - وقت وتاريخ اخر تعامل مع التسجيلة | |
| رقم الضبط | 20231129101331.0 |
| 008 - عناصر البيانات ثابتة الطول - معلومات عامة | |
| حقل البيانات ثابتة الطول | 210922k20042006ye ao f 000 0aara d |
| 017 ## - رقم الإيداع القانونى | |
| رقم الإيداع القانونى | 2000 / 19 |
| 040 ## - مصدر الفهرسة | |
| وكالة الفهرسة الأصلية | EG-ScBUE |
| لغة الفهرسة | ara |
| قواعد الوصف | rda |
| وكالة النسخ | EG-ScBUE |
| وكالة التعديل | EG-ScBUE |
| 043 ## - رمز المنطقة الجغرافية | |
| رمز المنطقة الجغرافية | a-ye--- |
| 082 04 - رقم تصنيف ديوى العشرى | |
| رقم التصنيف | 953.305092 |
| رقم المادة | ل ح و |
| رقم الطبعة | 22 |
| 100 1# - المدخل الرئيسى - إسم شخصى | |
| الإسم الشخصى | أبو لحوم، سنان، |
| الدور | مؤلف. |
| 245 10 - بيان العنوان | |
| العنوان | اليمن : |
| بقية العنوان | حقائق ووثائق عشتها / |
| بيان المسئوليه,etc | سنان أبو لحوم. |
| 250 ## - بيان الطبعة | |
| بيان الطبعة | الطبعة الثالثة، |
| بقية بيان الطبعة | مزيدة ومنقحة. |
| 264 #1 - النشر، التوزيع | |
| مكان الناشر او الموزع | صنعاء : |
| اسم الناشر او الموزع | مؤسسة العفيف الثقافية، |
| تاريخ النشر أو التوزيع | 2004-2006. |
| 300 ## - الوصف المادى | |
| التعداد | 3 مجلدات : |
| تفاصيل ماديه اخرى للوعاء | إيضاحيات، صور ؛ |
| أبعاد الوعاء | 24 سم |
| 336 ## - نوع المحتوى | |
| source | rdacontent |
| Carrier Type Term | نص |
| Content Type Code | txt |
| 337 ## - نوع الوسيط | |
| source | rdamedia |
| Media Type Term | بدون وسيط |
| Media Type Code | n |
| 338 ## - نوع الحامل أو الناقل | |
| source | rdacarrier |
| Carrier Type Term | مجلد |
| Carrier Type Code | nc |
| 500 ## - تبصرة عامة | |
| تبصرة عامة | يشتمل على ملحق بالصور. |
| 505 0# - تبصرة محتويات-الفهرس | |
| تبصرة المحتويات المصاغة | الجزء الأول. 1943-1962 م -- الجزء الثاني. 1962-1974 م -- الجزء الثالث. 1974-1990م. |
| 541 ## - تبصرة المصدر المباشر للتزويد | |
| طريقة التزويد | Donation ; |
| مصدر التزويد | Medhat Abo El-Fadl. |
| 600 17 - المدخل الاضافى بالموضوع-اسم شخصى | |
| الإسم الشخصى | أبو لحوم، سنان. |
| مصدر الرأس أو المصطلح | BUEsh |
| 650 #7 - المدخل الاضافى بالموضوع-مصطلح موضوعى | |
| مصطلح موضوعي أو اسم جغرافي كعنصر مدخل | السياسيون اليمنيون |
| التقسيم الفرعي الشكلي | تراجم. |
| مصدر الرأس أو المصطلح | BUEsh |
| 651 #7 - المدخل الاضافى بالموضوع - اسم جغرافى | |
| الاسم الجغرافي | اليمن |
| التقسيم الفرعي العام | تاريخ |
| التقسيم الفرعي الزمني | العصر الحديث. |
| مصدر الرأس أو المصطلح | BUEsh |
| 653 ## - مصطلح تكشيفى غير مقيد | |
| Resource For college | Generalities |
| Arrived date list | September2021 |
| 655 ## - مصطلح تكشيفى-نوع/شكل | |
| التقسيم الفرعي الشكلي | Reading book |
| 942 ## - عناصر المدخل الإضافي( كوها) | |
| مصدر التصنيف او مخطط الترفيف | Dewey Decimal Classification |
| حالة التراجع | حالة الفقد | مصدر التصنيف او خطة الترفيف | حالة تلف | ليس للاعارة | مجموعات كوها | المكان الدائم | المكان الحالي | موقع الترفيف | تاريخ الاكتساب | Source of acquisition | رقم الاستدعاء | الباركود | Date last seen | نوع الوعاء | تبصرة عامة |
|---|---|---|---|---|---|---|---|---|---|---|---|---|---|---|---|
| Dewey Decimal Classification | Donation-Gift | Central Library | Central Library | Second Floor | 22/09/2021 | Donation | 953.305092 ل ح و | 000050682 | 15/07/2025 | Book - Borrowing | 1 | ||||
| Dewey Decimal Classification | Donation-Gift | Central Library | Central Library | Second Floor | 24/11/2022 | Donation | 953.305092 ل ح و | 000056528 | 15/07/2025 | Book - Borrowing | 2 | ||||
| Dewey Decimal Classification | Donation-Gift | Central Library | Central Library | Second Floor | 24/11/2022 | Donation | 953.305092 ل ح و | 000056529 | 15/07/2025 | Book - Borrowing | 3 |